[Event "EU-ch U20"]
[Site "Aviles"]
[Date "2000.08.16"]
[Round "1"]
[White "Moiseenko, Olexandr"]
[Black "Bucher, Denis"]
[Result "1-0"]
[WhiteElo "2582"]
[BlackElo "2350"]
[EventDate "2000.08.18"]
[PlyCount "53"]

1.d4 Nf6 2.c4 g6 3.Nc3 Bg7 4.e4 d6 5.f3 O-O 6.Be3 c5 7.Nge2 Nc6 8.d5 Ne5 
9.Ng3 e6 10.Be2 exd5 11.cxd5 a6 12.Qd2 Re8 13.O-O h5 14.Bg5 Qa5 15.f4 Ned7
16.a4 Qb4 17.Kh1 Nh7 18.Bh4 Rb8 19.a5 b5 20.axb6 Nxb6 21.Qc1 c4 22.Ra2 Ra8
23.f5 Bd7 24.Bg5 Bb5 25.Bh6 Bf6 26.fxg6 fxg6 27.Bxh5 1-0

[Event "EU-ch U20"]
[Site "Aviles"]
[Date "2000.08.16"]
[Round "1"]
[White "Blehm, Pawel"]
[Black "Navarro Cia, Miguel"]
[Result "1-0"]
[WhiteElo "2518"]
[BlackElo "2307"]
[EventDate "2000.08.18"]
[PlyCount "111"]

1.e4 Nf6 2.e5 Nd5 3.d4 d6 4.Nf3 g6 5.Bc4 Nb6 6.Bb3 Bg7 7.a4 dxe5 8.a5 N6d7
9.Bxf7+ Kxf7 10.Ng5+ Kg8 11.Ne6 Qe8 12.Nxc7 Qd8 13.Nxa8 exd4 14.c3 Nc6 15.
O-O Nc5 16.b4 dxc3 17.Qxd8+ Nxd8 18.bxc5 c2 19.Nc3 Bxc3 20.Ra2 Bf5 21.Nc7 
Kf7 22.Nd5 Bd4 23.Nb4 Bxc5 24.Nxc2 Ne6 25.Be3 b6 26.axb6 axb6 27.Bxc5 bxc5
28.Ne3 Bd3 29.Re1 h5 30.Ra7 Rd8 31.h3 c4 32.Nd1 Bf5 33.Nc3 Rd3 34.Re3 Rd4 
35.Kh2 Kf6 36.Ra6 Kf7 37.Rc6 Nf4 38.Rf3 e5 39.Nb5 Rd5 40.Nd6+ Ke7 41.Nxf5+
gxf5 42.g3 Rd3 43.Re3 Rxe3 44.fxe3 Nd5 45.Rxc4 e4 46.Rc6 Nxe3 47.Rh6 Nd5 
48.Rxh5 Ke6 49.Rh8 Ke5 50.Re8+ Kd4 51.Kg2 f4 52.gxf4 Nxf4+ 53.Kg3 Ke3 54.
Kg4 Nd5 55.Kf5 Nc3 56.h4 1-0

[Event "EU-ch U20"]
[Site "Aviles"]
[Date "2000.08.16"]
[Round "1"]
[White "Perez Candelario, Manuel"]
[Black "De Vreugt, Dennis"]
[Result "1-0"]
[WhiteElo "2300"]
[BlackElo "2511"]
[EventDate "2000.08.18"]
[PlyCount "85"]

1.e4 e5 2.Nf3 Nc6 3.Nc3 Nf6 4.d4 exd4 5.Nd5 Nxd5 6.exd5 Bb4+ 7.Bd2 Qe7+ 8.
Qe2 Bxd2+ 9.Kxd2 Qxe2+ 10.Bxe2 Ne7 11.d6 Nf5 12.dxc7 d5 13.Bb5+ Ke7 14.
Rhe1+ Be6 15.Bd3 Kd6 16.Bxf5 Bxf5 17.Nxd4 Bd7 18.Re3 Rhe8 19.Rae1 Rxe3 20.
Rxe3 Kxc7 21.Kd3 Kd6 22.c3 Re8 23.b3 Rf8 24.Ne2 g5 25.Kd4 f6 26.Nc1 h5 27.
Nd3 b6 28.Nb4 Be6 29.Na6 Rf7 30.a4 h4 31.Re1 Rg7 32.Nb4 Rg8 33.Nc2 Rf8 34.
Rf1 Re8 35.Re1 f5 36.Re5 h3 37.g3 Rf8 38.f3 f4 39.g4 Bxg4 40.fxg4 f3 41.
Rxd5+ Kc6 42.Ne3 Rf4+ 43.Kd3 1-0

[Event "EU-ch U20"]
[Site "Aviles"]
[Date "2000.08.16"]
[Round "1"]
[White "Iliushin, Alexei"]
[Black "Vink, Nico"]
[Result "1/2-1/2"]
[WhiteElo "2509"]
[BlackElo "2296"]
[EventDate "2000.08.18"]
[PlyCount "53"]

1.c4 e5 2.Nc3 Nf6 3.g3 Bc5 4.Bg2 O-O 5.e3 Re8 6.Nge2 c6 7.d4 exd4 8.exd4 
Bb4 9.O-O d6 10.a3 Ba5 11.b4 Bb6 12.Qd3 Bg4 13.h3 Bxe2 14.Nxe2 d5 15.c5 
Bc7 16.Nc3 Nbd7 17.Bd2 Nf8 18.b5 Ne6 19.Be3 g6 20.Rab1 Nh5 21.bxc6 bxc6 
22.Qa6 Qd7 23.Na2 Nd8 24.Bg5 Ne6 25.Be3 Nd8 26.Bg5 Ne6 27.Be3 1/2-1/2

[Event "EU-ch U20"]
[Site "Aviles"]
[Date "2000.08.16"]
[Round "1"]
[White "Halkias, Stelios"]
[Black "Poliakov, Dmitry"]
[Result "0-1"]
[WhiteElo "2502"]
[BlackElo "2262"]
[EventDate "2000.08.18"]
[PlyCount "86"]

1.d4 d5 2.c4 c6 3.Nf3 Nf6 4.e3 e6 5.Bd3 Nbd7 6.O-O Bd6 7.Nbd2 O-O 8.e4 e5 
9.cxd5 cxd5 10.exd5 exd4 11.Ne4 Nxe4 12.Bxe4 Nf6 13.Qxd4 Nxe4 14.Qxe4 Re8 
15.Qd4 b6 16.Bg5 f6 17.Be3 Ba6 18.Rfe1 Qd7 19.Rad1 Rac8 20.Qd2 Qf5 21.h3 
Rc2 22.Qd4 Be2 23.Nh4 Qh5 24.Rc1 Be5 25.Qa4 Rxc1 26.Bxc1 b5 27.Qb4 a5 28.
Qd2 Bg4 29.f4 Bd4+ 30.Kh2 Rxe1 31.Qxe1 Bd7 32.d6 Bb6 33.Nf3 Qc5 34.Qd1 Kf7
35.b3 Bc6 36.Bb2 Bxf3 37.gxf3 Qf2+ 38.Kh1 Qxb2 39.Qd5+ Kg6 40.h4 Qc1+ 41.
Kg2 Qg1+ 42.Kh3 Qf1+ 43.Kg3 Bf2+ 0-1

[Event "EU-ch U20"]
[Site "Aviles"]
[Date "2000.08.16"]
[Round "1"]
[White "Fluvia Poyatos, Jordi"]
[Black "Smirnov, Pavel"]
[Result "1/2-1/2"]
[WhiteElo "2261"]
[BlackElo "2487"]
[EventDate "2000.08.18"]
[PlyCount "99"]

1.d4 Nf6 2.Nf3 g6 3.g3 Bg7 4.Bg2 O-O 5.O-O d6 6.Nc3 Nc6 7.d5 Na5 8.Nd4 Bd7
9.e4 c5 10.Nb3 Nxb3 11.axb3 b5 12.e5 dxe5 13.d6 Bg4 14.dxe7 Qxe7 15.Qe1 
Rab8 16.Bg5 Be6 17.Qxe5 h6 18.Bxf6 Qxf6 19.Qxf6 Bxf6 20.Rxa7 c4 21.b4 Rfd8
22.Rb7 Rxb7 23.Bxb7 Be7 24.Nxb5 Rb8 25.Bc6 Bh3 26.Rd1 Bxb4 27.Rd4 Rb6 28.
Rxc4 Be7 29.Nd4 Rxb2 30.f4 Rb1+ 31.Kf2 Bf1 32.Ne2 Bd8 33.Bg2 Bb6+ 34.Kf3 
Re1 35.Bxf1 Rxf1+ 36.Ke4 Rf2 37.Nd4 Rxh2 38.Rc8+ Kg7 39.c4 Bxd4 40.Kxd4 
Rg2 41.c5 Rxg3 42.c6 Rg1 43.c7 Rc1 44.Ke5 h5 45.Kd6 Rd1+ 46.Ke5 f6+ 47.Ke6
Rc1 48.Kd6 Rd1+ 49.Ke6 Rc1 50.Kd6 1/2-1/2

[Event "EU-ch U20"]
[Site "Aviles"]
[Date "2000.08.16"]
[Round "1"]
[White "Ortega Ruiz, Jose Miguel"]
[Black "Dottling, Fabian"]
[Result "0-1"]
[WhiteElo "2255"]
[BlackElo "2473"]
[EventDate "2000.08.18"]
[PlyCount "80"]

1.d4 e6 2.Nf3 f5 3.c4 Nf6 4.Nc3 Bb4 5.Bg5 h6 6.Bxf6 Bxc3+ 7.bxc3 Qxf6 8.
Qc2 Nc6 9.e4 d6 10.Bd3 O-O 11.O-O f4 12.c5 dxc5 13.e5 Qe7 14.Qe2 cxd4 15.
Qe4 g5 16.Nxd4 Nxd4 17.cxd4 c6 18.Rfb1 Rb8 19.a4 Bd7 20.a5 Be8 21.Rb3 Rc8 
22.Rab1 Rc7 23.Bc2 Qg7 24.Rh3 Kh8 25.Rbb3 Rg8 26.Rxh6+ Qxh6 27.Rh3 Bh5 28.
g4 fxg3 29.Qg4 gxf2+ 30.Kf1 Rh7 31.Bxh7 Bxg4 32.Rxh6 Kg7 33.Bxg8 Kxh6 34.
Bf7 Kg7 35.Be8 Bf3 36.Kxf2 Bd5 37.Ke3 Kh6 38.Kd3 g4 39.Kc3 Kg5 40.Kb4 b6 
0-1

[Event "EU-ch U20"]
[Site "Aviles"]
[Date "2000.08.16"]
[Round "1"]
[White "Berg, Emanuel"]
[Black "Gonzalez Menendez, Ivan"]
[Result "1-0"]
[WhiteElo "2456"]
[BlackElo "2242"]
[EventDate "2000.08.18"]
[PlyCount "103"]

1.e4 e6 2.d4 d5 3.Nc3 Bb4 4.Ne2 dxe4 5.a3 Be7 6.Nxe4 Nf6 7.N2g3 O-O 8.c3 
Nbd7 9.Bd3 c5 10.Nxf6+ Nxf6 11.dxc5 Bxc5 12.Bg5 Be7 13.Qe2 Nd5 14.Bd2 Bg5 
15.c4 Bxd2+ 16.Qxd2 Nf6 17.O-O b6 18.Rfd1 Bb7 19.Qf4 Qe7 20.Rd2 Rad8 21.
Rad1 Kh8 22.Be2 h6 23.b4 Rxd2 24.Qxd2 Rc8 25.a4 Ba6 26.b5 Bb7 27.a5 Kg8 
28.h3 Kf8 29.Qd4 Qc5 30.Qxc5+ Rxc5 31.Rd8+ Ke7 32.Rb8 Rc7 33.axb6 axb6 34.
c5 Nd7 35.Rxb7 Rxb7 36.c6 Rc7 37.cxd7 Rxd7 38.f3 g6 39.Kf2 e5 40.Ke3 f5 
41.f4 e4 42.Nf1 Ra7 43.Kf2 Kd6 44.Ne3 Kc5 45.g4 g5 46.fxg5 f4 47.gxh6 
fxe3+ 48.Kxe3 Kd5 49.g5 Rh7 50.h4 Ke5 51.h5 Kf5 52.g6 1-0

[Event "EU-ch U20"]
[Site "Aviles"]
[Date "2000.08.16"]
[Round "1"]
[White "Castaldo, Folco"]
[Black "Pert, Nicholas"]
[Result "0-1"]
[WhiteElo "2227"]
[BlackElo "2455"]
[EventDate "2000.08.18"]
[PlyCount "64"]

1.e4 e6 2.d4 d5 3.Nd2 Nf6 4.e5 Nfd7 5.Bd3 c5 6.c3 Nc6 7.Ne2 cxd4 8.cxd4 f6
9.exf6 Nxf6 10.Nf3 Bd6 11.O-O Qb6 12.Nc3 O-O 13.Be3 Bd7 14.Rc1 Be8 15.Ng5 
Ne7 16.h3 Bb8 17.Re1 h6 18.Nf3 Bh5 19.Be2 Nf5 20.Na4 Qd6 21.Ne5 Nxe3 22.
fxe3 Bxe2 23.Qxe2 Nd7 24.Rf1 Bc7 25.Nf3 e5 26.e4 Rae8 27.Qc2 Bb8 28.Qb3 
exd4 29.Qxd5+ Qxd5 30.exd5 Bf4 31.Rce1 Be3+ 32.Kh2 b5 0-1

[Event "EU-ch U20"]
[Site "Aviles"]
[Date "2000.08.16"]
[Round "1"]
[White "Kallio, Heikki"]
[Black "Rigo, Zsolt"]
[Result "1/2-1/2"]
[WhiteElo "2451"]
[BlackElo "2224"]
[EventDate "2000.08.18"]
[PlyCount "200"]

1.e4 c5 2.Nc3 Nc6 3.g3 g6 4.Bg2 Bg7 5.d3 d6 6.Nf3 Nf6 7.O-O O-O 8.h3 Rb8 
9.Be3 e5 10.Qd2 Nd4 11.Nh2 b5 12.Nd1 Nh5 13.c3 Ne6 14.Bf3 Nf6 15.Bh6 b4 
16.Bxg7 Kxg7 17.h4 bxc3 18.bxc3 h5 19.Ne3 Ba6 20.Rfb1 Kh7 21.Bg2 Qa5 22.
Nf3 Kg8 23.Bh3 Rxb1+ 24.Rxb1 Bc8 25.Bg2 Ba6 26.Ng5 Nd4 27.Rb2 Nb5 28.a4 
Nc7 29.f4 Qxa4 30.fxe5 dxe5 31.Rb1 Qd7 32.Rf1 Ng4 33.Nd5 Nxd5 34.exd5 c4 
35.d4 Qc7 36.Ne4 Bb7 37.dxe5 Qxe5 38.Rf4 Rd8 39.Nf2 Qe3 40.Rd4 Qxd2 41.
Rxd2 Ne3 42.Bf3 Kg7 43.Nd1 Nxd1 44.Rxd1 Kf6 45.Rd4 Rd7 46.Kf2 Ke5 47.Rxc4 
Bxd5 48.Rc5 Ke6 49.Be2 Kd6 50.Ra5 Rc7 51.Ke3 Re7+ 52.Kd3 Kc6 53.c4 Bxc4+ 
54.Kxc4 Rxe2 55.Rxa7 Re4+ 56.Kd3 Rg4 57.Rxf7 Rxg3+ 58.Ke4 Kd6 59.Rf4 Ke6 
60.Kd4 Ra3 61.Ke4 Rc3 62.Kd4 Rb3 63.Ke4 Ra3 64.Kd4 Ra5 65.Ke3 Re5+ 66.Kf3 
Rb5 67.Kg3 Rb3+ 68.Kg2 Ke5 69.Rf8 Rb4 70.Kg3 Rb3+ 71.Kg2 Rb4 72.Kg3 Rg4+ 
73.Kh3 Rf4 74.Ra8 Rf3+ 75.Kg2 Re3 76.Rf8 Rd3 77.Kh2 Rd4 78.Kg3 Rg4+ 79.Kh3
Rf4 80.Ra8 Rf3+ 81.Kg2 Rf6 82.Ra5+ Kf4 83.Rg5 Rd6 84.Kh3 Kf3 85.Rg3+ Kf4 
86.Rg5 Re6 87.Kh2 Rb6 88.Kh3 Kf3 89.Rg3+ Kf2 90.Rg2+ Kf1 91.Rg5 Rb3+ 92.
Kh2 Rb2+ 93.Kh3 Rb3+ 94.Kh2 Rb6 95.Kh3 Re6 96.Kh2 Kf2 97.Rg2+ Kf3 98.Rg3+ 
Kf4 99.Rg5 Re2+ 100.Kh3 Re3+ 1/2-1/2

[Event "EU-ch U20"]
[Site "Aviles"]
[Date "2000.08.16"]
[Round "1"]
[White "Zenklusen, Rico"]
[Black "Izoria, Zviad"]
[Result "0-1"]
[WhiteElo "2221"]
[BlackElo "2450"]
[EventDate "2000.08.18"]
[PlyCount "82"]

1.e4 c5 2.Nf3 d6 3.d4 cxd4 4.Nxd4 Nf6 5.Nc3 Nc6 6.Bg5 e6 7.Qd2 Qb6 8.O-O-O
Qxd4 9.Qxd4 Nxd4 10.Rxd4 a6 11.Bc4 Bd7 12.f3 Bc6 13.Rhd1 Be7 14.Bh4 O-O 
15.Bg3 Ne8 16.a4 Bg5+ 17.Kb1 Bf6 18.R4d3 Bxc3 19.Rxc3 Bxa4 20.Bxd6 Nxd6 
21.Rxd6 Rfd8 22.e5 Rxd6 23.exd6 Bc6 24.Bd3 f5 25.Bc4 Kf7 26.Re3 Bd7 27.f4 
Kf6 28.Be2 Bc6 29.g4 Rd8 30.g5+ Kf7 31.Kc1 Rxd6 32.Rd3 Rxd3 33.cxd3 Ke7 
34.Kd2 Kd6 35.d4 Kd5 36.Ke3 a5 37.b3 Kd6 38.Bd1 b5 39.Kd2 Be4 40.Be2 Kd5 
41.Bxb5 Kxd4 0-1

[Event "EU-ch U20"]
[Site "Aviles"]
[Date "2000.08.16"]
[Round "1"]
[White "Antoniewski, Rafal"]
[Black "Cheparinov, Ivan"]
[Result "1/2-1/2"]
[WhiteElo "2446"]
[BlackElo "2189"]
[EventDate "2000.08.18"]
[PlyCount "131"]

1.e4 c5 2.Nf3 d6 3.d4 cxd4 4.Nxd4 Nf6 5.Nc3 g6 6.Be3 Bg7 7.f3 Nc6 8.Qd2 
Bd7 9.Bc4 O-O 10.h4 Rc8 11.Bb3 h5 12.O-O-O Ne5 13.Kb1 Nc4 14.Bxc4 Rxc4 15.
Rhe1 Qa5 16.Nb3 Qc7 17.Bd4 Bc6 18.Nd5 Bxd5 19.exd5 Rc8 20.Re2 a5 21.Qxa5 
Qd7 22.Bf2 Qf5 23.Nd4 Qxd5 24.Qxd5 Nxd5 25.g3 e6 26.a3 b5 27.Nb3 Ra4 28.
Be1 Nb6 29.Bb4 Nc4 30.c3 Ra6 31.f4 d5 32.Rg1 Nd6 33.g4 hxg4 34.Rxg4 Ne4 
35.Rg1 Nf6 36.Nc5 Rac6 37.Nd3 Rc4 38.Bd6 Re4 39.Reg2 Nh5 40.Rg5 Kh7 41.Nc5
Re2 42.Nb3 Bf6 43.R5g2 Rxg2 44.Rxg2 Rc4 45.Nd2 Rc6 46.Be5 Bxh4 47.Nf3 Be7 
48.Nd4 Rb6 49.b4 Rb7 50.Nc6 f6 51.Bb8 Rb6 52.Nxe7 Rxb8 53.Nxg6 Rg8 54.f5 
exf5 55.Nh4 Rg3 56.Rxg3 Nxg3 57.a4 bxa4 58.b5 Ne4 59.b6 Nc5 60.Nxf5 Kg6 
61.Ne7+ Kf7 62.Nxd5 Ke6 63.c4 Kd6 64.Nxf6 Kc6 65.Nd5 Nd7 66.Ka2 1/2-1/2

[Event "EU-ch U20"]
[Site "Aviles"]
[Date "2000.08.16"]
[Round "1"]
[White "Andres Gonzalez, Ivan"]
[Black "Jenni, Florian"]
[Result "0-1"]
[WhiteElo "2176"]
[BlackElo "2440"]
[EventDate "2000.08.18"]
[PlyCount "84"]

1.e4 e5 2.Nc3 Nf6 3.f4 d5 4.exd5 exf4 5.Bb5+ Bd7 6.Bc4 Bd6 7.Qe2+ Qe7 8.
Nf3 Qxe2+ 9.Nxe2 b5 10.Bb3 a5 11.a3 h6 12.h4 a4 13.Ba2 O-O 14.O-O Re8 15.
Re1 Nh5 16.d3 Na6 17.Bd2 Re7 18.Nc3 b4 19.Rxe7 Bxe7 20.Ne2 bxa3 21.bxa3 
Bxa3 22.Nxf4 Nxf4 23.Bxf4 Nb4 24.c3 Bb2 25.cxb4 Bxa1 26.Bxc7 Bc3 27.d4 a3 
28.Kf2 Re8 29.Bc4 Bxb4 30.Ne5 Bb5 31.Ba2 Bc3 32.Bb6 Rb8 33.Bc5 Be8 34.Nc4 
Bd7 35.Ke3 Re8+ 36.Kd3 Be1 37.Ne5 Bb5+ 38.Kc2 Bg3 39.Bxa3 Bxe5 40.dxe5 
Rxe5 41.Bb4 Re2+ 42.Bd2 Rxg2 0-1

[Event "EU-ch U20"]
[Site "Aviles"]
[Date "2000.08.16"]
[Round "1"]
[White "Navara, David"]
[Black "Kobler, Mario"]
[Result "1-0"]
[WhiteElo "2433"]
[BlackElo "2166"]
[EventDate "2000.08.18"]
[PlyCount "77"]

1.e4 Nf6 2.e5 Nd5 3.d4 d6 4.Nf3 Bg4 5.Be2 e6 6.c4 Nb6 7.exd6 cxd6 8.Nc3 
Be7 9.O-O O-O 10.Be3 N8d7 11.b3 Nf6 12.Re1 d5 13.c5 Nbd7 14.b4 Ne4 15.Nxe4
dxe4 16.Nd2 Bxe2 17.Qxe2 f5 18.Qc4 f4 19.Qxe6+ Kh8 20.Nxe4 fxe3 21.Rxe3 
Bf6 22.Rd1 Qc7 23.Nd6 Bg5 24.Re2 Nf6 25.Qe7 Qxe7 26.Rxe7 Kg8 27.Rxb7 Ng4 
28.f3 Be3+ 29.Kf1 Nf6 30.Nf5 Nd5 31.Ne7+ Nxe7 32.Rxe7 Bg5 33.Re4 Rf4 34.
Rxf4 Bxf4 35.g3 Bg5 36.d5 Kf7 37.d6 Ke6 38.c6 Rc8 39.b5 1-0

[Event "EU-ch U20"]
[Site "Aviles"]
[Date "2000.08.16"]
[Round "1"]
[White "Sedlak, Nikola"]
[Black "Parkin, James"]
[Result "1-0"]
[WhiteElo "2423"]
[BlackElo "2140"]
[EventDate "2000.08.18"]
[PlyCount "81"]

1.e4 c5 2.Nf3 d6 3.d4 cxd4 4.Nxd4 Nf6 5.Nc3 Nc6 6.Bg5 e6 7.Qd2 a6 8.O-O-O 
h6 9.Be3 Bd7 10.f4 b5 11.Bd3 Be7 12.Kb1 Qc7 13.h3 Na5 14.Qe1 Nc4 15.Bxc4 
Qxc4 16.e5 Nd5 17.Nxd5 exd5 18.exd6 Bxd6 19.f5 O-O-O 20.Qa5 Kb7 21.Ne6 
Bxe6 22.Qb6+ Kc8 23.fxe6 fxe6 24.Qxa6+ Kd7 25.Qa7+ Bc7 26.b3 Qc6 27.Qd4 
Kc8 28.Rhf1 Rd7 29.Qg4 Re8 30.Qg6 Ree7 31.Bf4 Bxf4 32.Rxf4 Ra7 33.Rf8+ Kb7
34.Rf7 Kb6 35.Rxe7 Rxe7 36.Qd3 Qc5 37.Rf1 e5 38.Qg6+ Ka5 39.a3 b4 40.Rf8 
bxa3 41.Rb8 1-0

[Event "EU-ch U20"]
[Site "Aviles"]
[Date "2000.08.16"]
[Round "1"]
[White "Reinaldo Castineira, Roi"]
[Black "Sanchez Aller, Fernando"]
[Result "1/2-1/2"]
[WhiteElo "2416"]
[BlackElo "2137"]
[EventDate "2000.08.18"]
[PlyCount "25"]

1.e4 e5 2.Nf3 Nc6 3.d4 exd4 4.Nxd4 Nf6 5.Nxc6 bxc6 6.e5 Qe7 7.Qe2 Nd5 8.c4
Ba6 9.b3 g6 10.f4 f6 11.Qd2 Nb6 12.Bb2 Bg7 13.Nc3 1/2-1/2

[Event "EU-ch U20"]
[Site "Aviles"]
[Date "2000.08.16"]
[Round "1"]
[White "Mateuta, Gabriel"]
[Black "Isik, Engin Yasar"]
[Result "1-0"]
[WhiteElo "2409"]
[BlackElo "2120"]
[EventDate "2000.08.18"]
[PlyCount "91"]

1.d4 Nf6 2.Nf3 g6 3.g3 Bg7 4.Bg2 O-O 5.O-O d6 6.Re1 Nbd7 7.e4 e5 8.c3 c6 
9.a4 a5 10.Nbd2 Re8 11.Nc4 Nb6 12.Ncd2 Qc7 13.b3 Bg4 14.h3 Be6 15.Bb2 c5 
16.dxe5 dxe5 17.c4 Nfd7 18.Nf1 Rad8 19.Ne3 f6 20.Nd5 Bxd5 21.cxd5 Nc8 22.
h4 Nd6 23.Bh3 Nf8 24.Qc2 b6 25.Kg2 h6 26.Re2 Re7 27.Rae1 Kf7 28.Nd2 Kg8 
29.Nf1 Rde8 30.Ne3 h5 31.Nc4 Rd8 32.Qd3 Nh7 33.Bc1 Nf8 34.g4 hxg4 35.Bxg4 
Bh8 36.Rh1 Rde8 37.h5 g5 38.h6 Rd8 39.Qh3 Nxc4 40.bxc4 Ng6 41.Qh5 Kh7 42.
Bf5 Rg8 43.d6 Qxd6 44.Rd2 Qe6 45.Bxe6 Nf4+ 46.Kf1 1-0

[Event "EU-ch U20"]
[Site "Aviles"]
[Date "2000.08.16"]
[Round "1"]
[White "Suarez Real, Alberto"]
[Black "Stryjecki, Marek"]
[Result "0-1"]
[WhiteElo "2116"]
[BlackElo "2405"]
[EventDate "2000.08.18"]
[PlyCount "98"]

1.e4 d6 2.d4 g6 3.Nc3 Bg7 4.Nf3 c6 5.Bf4 Nd7 6.e5 dxe5 7.dxe5 Qa5 8.Qd4 
Qc5 9.Qe4 Nb6 10.Nd4 f5 11.Qe3 g5 12.Bxg5 Qxe5 13.Qxe5 Bxe5 14.O-O-O Nf6 
15.f4 Bxd4 16.Rxd4 Kf7 17.Be2 Be6 18.Rhd1 h6 19.Bh4 Nbd5 20.Nxd5 Bxd5 21.
Bxf6 Kxf6 22.Bf1 Rag8 23.R1d2 h5 24.c4 Be4 25.Rd7 c5 26.Rf2 h4 27.Rdd2 Rd8
28.Rxd8 Rxd8 29.Rd2 Rg8 30.Rf2 e5 31.Kd2 Rd8+ 32.Ke3 Rd1 33.g3 Re1+ 34.Be2
hxg3 35.hxg3 Rg1 36.g4 Rg3+ 37.Bf3 exf4+ 38.Kxf4 Rxf3+ 39.Rxf3 Bxf3 40.
Kxf3 fxg4+ 41.Kxg4 Ke5 42.b3 a5 43.Kf3 Kd4 44.Kf4 Kc3 45.Ke5 Kb2 46.Kd6 
Kxa2 47.Kxc5 Kxb3 48.Kb6 a4 49.c5 Kb4 0-1

[Event "EU-ch U20"]
[Site "Aviles"]
[Date "2000.08.16"]
[Round "1"]
[White "Fluvia Poyatos, Joan"]
[Black "Srebrnic, Marko"]
[Result "1-0"]
[WhiteElo "2403"]
[BlackElo "2096"]
[EventDate "2000.08.18"]
[PlyCount "43"]

1.e4 e5 2.Nf3 Nf6 3.Nxe5 d6 4.Nf3 Nxe4 5.d4 d5 6.Bd3 Bd6 7.O-O O-O 8.c4 c6
9.cxd5 cxd5 10.Nc3 Nxc3 11.bxc3 Bg4 12.Rb1 Nd7 13.h3 Bh5 14.Rb5 Nb6 15.c4 
Bxf3 16.Qxf3 dxc4 17.Be4 Qd7 18.Rg5 Be7 19.Rg3 Bd6 20.Rxg7+ Kxg7 21.Bh6+ 
Kg8 22.Qf6 1-0

[Event "EU-ch U20"]
[Site "Aviles"]
[Date "2000.08.16"]
[Round "1"]
[White "Gomez Gomez, Salvador"]
[Black "Karttunen, Mika"]
[Result "0-1"]
[WhiteElo "2095"]
[BlackElo "2399"]
[EventDate "2000.08.18"]
[PlyCount "56"]

1.e4 c5 2.Nf3 e6 3.Nc3 a6 4.d4 cxd4 5.Nxd4 Qc7 6.Bd3 Nf6 7.O-O Bc5 8.Be3 
O-O 9.Qf3 d6 10.Qg3 b5 11.Nf3 Bxe3 12.fxe3 Qc5 13.Rae1 Nbd7 14.e5 Nxe5 15.
Ne4 Nxe4 16.Bxe4 Nxf3+ 17.Rxf3 Ra7 18.Qh4 f5 19.Ref1 Raf7 20.Rh3 h6 21.Bd3
e5 22.Rg3 e4 23.Be2 f4 24.Bh5 fxg3 25.Bxf7+ Rxf7 26.Qxg3 Rxf1+ 27.Kxf1 Be6
28.Ke1 Bxa2 0-1

[Event "EU-ch U20"]
[Site "Aviles"]
[Date "2000.08.16"]
[Round "1"]
[White "Hunt, Adam"]
[Black "Weber, Tom"]
[Result "1-0"]
[WhiteElo "2392"]
[BlackElo "2067"]
[EventDate "2000.08.18"]
[PlyCount "67"]

1.e4 c5 2.Nf3 d6 3.d4 cxd4 4.Nxd4 Nf6 5.Nc3 a6 6.a4 e5 7.Nb3 Be6 8.Be2 Be7
9.O-O O-O 10.f4 exf4 11.Bxf4 Nc6 12.Kh1 Rc8 13.Bf3 Ne5 14.Nd4 Nxf3 15.Nxf3
Rc4 16.Nd2 Rb4 17.b3 Rb6 18.Ne2 Rc6 19.c4 Qb6 20.h3 Rcc8 21.Bh2 Nd7 22.a5 
Qc5 23.Bg1 Qh5 24.Nf3 Bg4 25.Nf4 Bxf3 26.Rxf3 Qe5 27.Nd5 Bf6 28.Nxf6+ Nxf6
29.Bd4 Qe6 30.Bxf6 gxf6 31.Qd4 Kg7 32.Raf1 Qe5 33.Qf2 Qxe4 34.Rg3+ 1-0

[Event "EU-ch U20"]
[Site "Aviles"]
[Date "2000.08.16"]
[Round "1"]
[White "Bruned Carasco, Yvain"]
[Black "Bursteinas, Romanas"]
[Result "1/2-1/2"]
[WhiteElo "2012"]
[BlackElo "2391"]
[EventDate "2000.08.18"]
[PlyCount "82"]

1.e4 c5 2.Nf3 e6 3.d4 cxd4 4.Nxd4 Nf6 5.Nc3 Bb4 6.Bd3 e5 7.Ne2 O-O 8.O-O 
h6 9.f4 d6 10.Kh1 Nc6 11.a3 Ba5 12.Nd5 Ng4 13.h3 Qh4 14.Kg1 Nf6 15.Nec3 
Bxc3 16.Nxc3 Nd4 17.Ne2 Bg4 18.c3 Bxe2 19.Bxe2 Nxe2+ 20.Qxe2 Rab8 21.Qe1 
Qh5 22.f5 d5 23.exd5 Nxd5 24.c4 Nf6 25.Be3 Rbc8 26.Bxa7 Rxc4 27.Qxe5 Rc2 
28.Rac1 Re2 29.Qb5 Rfe8 30.Rf2 R2e5 31.Qb4 Ne4 32.Rfc2 Ng3 33.Kh2 Ne2 34.
Rf1 Re4 35.Qxb7 Qg5 36.Rf3 Qd8 37.Qc7 Qd1 38.Rf2 R4e7 39.Qc5 Re5 40.Qc7 
R5e7 41.Qc5 Re5 1/2-1/2

[Event "EU-ch U20"]
[Site "Aviles"]
[Date "2000.08.16"]
[Round "1"]
[White "Bekker-Jensen, Simon"]
[Black "Bruned Carasco, Boris"]
[Result "1-0"]
[WhiteElo "2388"]
[BlackElo "2004"]
[EventDate "2000.08.18"]
[PlyCount "45"]

1.d4 e6 2.c4 b6 3.a3 Bb7 4.Nc3 f5 5.d5 Nf6 6.g3 Bd6 7.Bg2 O-O 8.Nh3 Na6 9.
Bf4 Bxf4 10.Nxf4 exd5 11.Nfxd5 Nxd5 12.cxd5 Nc5 13.O-O Re8 14.Qc2 g6 15.b4
Na6 16.Rac1 Qe7 17.d6 Bxg2 18.dxe7 Bxf1 19.Kxf1 Rxe7 20.Qd3 Nxb4 21.axb4 
c6 22.Qd6 Kf7 23.Nd5 1-0

[Event "EU-ch U20"]
[Site "Aviles"]
[Date "2000.08.17"]
[Round "2"]
[White "Mah, Karl"]
[Black "Moiseenko, Olexandr"]
[Result "1/2-1/2"]
[WhiteElo "2411"]
[BlackElo "2582"]
[EventDate "2000.08.18"]
[PlyCount "80"]

1.d4 e6 2.e4 c5 3.c3 d5 4.exd5 Qxd5 5.Nf3 Nf6 6.Bd3 Nc6 7.O-O cxd4 8.cxd4 
Be7 9.Nc3 Qd6 10.Be3 O-O 11.Rc1 Nb4 12.Bb1 Bd7 13.Ne5 Bc6 14.Nxc6 Nxc6 15.
a3 Rfd8 16.Qf3 Nxd4 17.Bxd4 Qxd4 18.Qxb7 Bd6 19.g3 Rab8 20.Qc6 Qg4 21.Rfd1
Be5 22.Rxd8+ Rxd8 23.Re1 Bxc3 24.Qxc3 Qh3 25.Qc7 Rf8 26.Qb7 g6 27.Bd3 Ng4 
28.Qg2 Qh6 29.Be2 Qd2 30.Kf1 Nf6 31.Qb7 a5 32.Bf3 Qd6 33.Qc6 Qd3+ 34.Kg2 
Rb8 35.Re3 Qd4 36.Qc3 Qxc3 37.Rxc3 Rxb2 38.Rc5 a4 39.Ra5 Ra2 40.Rxa4 e5 
1/2-1/2

[Event "EU-ch U20"]
[Site "Aviles"]
[Date "2000.08.17"]
[Round "2"]
[White "Stryjecki, Marek"]
[Black "Blehm, Pawel"]
[Result "1/2-1/2"]
[WhiteElo "2405"]
[BlackElo "2518"]
[EventDate "2000.08.18"]
[PlyCount "39"]

1.Nf3 c5 2.e4 Nc6 3.d4 cxd4 4.Nxd4 Nf6 5.Nc3 e5 6.Ndb5 d6 7.Bg5 a6 8.Na3 
b5 9.Nd5 Qa5+ 10.Bd2 Qd8 11.Bg5 Qa5+ 12.Bd2 Qd8 13.c4 Nxe4 14.cxb5 Be6 15.
Bc4 Ne7 16.Be3 Rc8 17.Nb6 d5 18.Nxc8 Nxc8 19.Qa4 Nb6 20.Qxa6 1/2-1/2

[Event "EU-ch U20"]
[Site "Aviles"]
[Date "2000.08.17"]
[Round "2"]
[White "Dottling, Fabian"]
[Black "Hunt, Adam"]
[Result "1/2-1/2"]
[WhiteElo "2473"]
[BlackElo "2392"]
[EventDate "2000.08.18"]
[PlyCount "65"]

1.b3 e5 2.Bb2 Nc6 3.e3 d6 4.Nf3 f5 5.c4 g6 6.d4 Bg7 7.Nc3 Nh6 8.dxe5 Nxe5 
9.Be2 Nhf7 10.O-O Nxf3+ 11.Bxf3 Ng5 12.Rb1 O-O 13.Bd5+ Kh8 14.f4 Ne6 15.
Qd2 a5 16.Nb5 Qe7 17.Rbe1 Nc5 18.Bxg7+ Qxg7 19.Qd4 Na6 20.Bf3 Rb8 21.Qd2 
b6 22.e4 fxe4 23.Bxe4 Nc5 24.Bd5 Bf5 25.Re3 Rbe8 26.Nd4 Bd7 27.Rfe1 Rxe3 
28.Qxe3 Qf6 29.Rf1 Re8 30.Qd2 Ne4 31.Qd3 Nc5 32.Qd2 Ne4 33.Qd3 1/2-1/2

[Event "EU-ch U20"]
[Site "Aviles"]
[Date "2000.08.17"]
[Round "2"]
[White "Bekker-Jensen, Simon"]
[Black "Berg, Emanuel"]
[Result "0-1"]
[WhiteElo "2388"]
[BlackElo "2456"]
[EventDate "2000.08.18"]
[PlyCount "98"]

1.d4 e6 2.c4 Nf6 3.Nc3 Bb4 4.e3 c5 5.Ne2 cxd4 6.exd4 d5 7.a3 Be7 8.Nf4 O-O
9.cxd5 exd5 10.Be2 Nc6 11.O-O Re8 12.Bf3 Be6 13.Be3 Na5 14.Qd3 Rc8 15.Rac1
Qd7 16.Qb5 Qxb5 17.Nxb5 Nc6 18.h3 h6 19.Nc3 Red8 20.b4 a5 21.b5 Bxa3 22.
bxc6 Bxc1 23.Bxc1 Rxc6 24.Bd2 Rc4 25.Nb5 a4 26.Rb1 Bf5 27.Rb2 g5 28.Ne2 
Rc2 29.Rxc2 Bxc2 30.Nec3 Ne4 31.Bxe4 dxe4 32.d5 Bd3 33.d6 a3 34.Nxa3 Rxd6 
35.Be3 f5 36.g3 Kf7 37.Nab5 Bxb5 38.Nxb5 Rd5 39.Nc3 Rd3 40.Nb5 Ke6 41.h4 
Kd5 42.hxg5 hxg5 43.Bxg5 Kc4 44.Na7 b5 45.Nc6 b4 46.Ne7 b3 47.Bf6 Rc3 48.
Bxc3 Kxc3 49.Nd5+ Kd3 0-1

[Event "EU-ch U20"]
[Site "Aviles"]
[Date "2000.08.17"]
[Round "2"]
[White "Pert, Nicholas"]
[Black "Fernandez Romero, Ernesto"]
[Result "1-0"]
[WhiteElo "2455"]
[BlackElo "2383"]
[EventDate "2000.08.18"]
[PlyCount "99"]

1.d4 Nf6 2.Nf3 e6 3.c4 Bb4+ 4.Bd2 Qe7 5.g3 Nc6 6.Nc3 Bxc3 7.Bxc3 Ne4 8.Rc1
Nxc3 9.Rxc3 d6 10.d5 Nd8 11.Bg2 e5 12.c5 O-O 13.cxd6 cxd6 14.Qc2 Bd7 15.
O-O f5 16.Rc7 Rf7 17.Rc1 Qf6 18.Nd2 g5 19.Qc3 g4 20.Qa3 a5 21.e3 b5 22.b4 
a4 23.Qd3 h5 24.Nb1 Rb8 25.Ra7 f4 26.Qd2 f3 27.Bf1 h4 28.Rcc7 Be8 29.Qc2 
hxg3 30.hxg3 Qg7 31.Rxf7 Nxf7 32.Qc7 Rd8 33.Qxd8 Nxd8 34.Rxg7+ Kxg7 35.Nc3
Kf6 36.Bxb5 Bxb5 37.Nxb5 e4 38.Nxd6 Ke5 39.Nc4+ Kxd5 40.Nb6+ Kc6 41.Nxa4 
Kb5 42.Nc3+ Kxb4 43.Nxe4 Nf7 44.Kf1 Ka3 45.Ke1 Kxa2 46.Kd2 Kb2 47.Kd3 Kc1 
48.Nf6 Nh6 49.e4 Kd1 50.e5 1-0

[Event "EU-ch U20"]
[Site "Aviles"]
[Date "2000.08.17"]
[Round "2"]
[White "Vink, Nico"]
[Black "Kallio, Heikki"]
[Result "0-1"]
[WhiteElo "2296"]
[BlackElo "2451"]
[EventDate "2000.08.18"]
[PlyCount "92"]

1.e4 d6 2.d4 g6 3.Nf3 Bg7 4.Nc3 c6 5.a4 Nf6 6.h3 O-O 7.a5 Qc7 8.Be3 Nbd7 
9.Be2 Rb8 10.e5 Nd5 11.Nxd5 cxd5 12.exd6 exd6 13.O-O h6 14.Qd2 Kh7 15.Bd3 
Nf6 16.Qb4 Be6 17.Bf4 Rfd8 18.Nd2 Nh5 19.Bh2 b5 20.a6 Rb6 21.Ra5 Bd7 22.
Nb3 Qc8 23.Rfa1 Bf6 24.Nc1 Bg5 25.Ne2 Re8 26.Qb3 Kg7 27.Nc3 Bd2 28.R5a2 
Bxc3 29.Qxc3 Qxc3 30.bxc3 Rc8 31.Ra3 Bf5 32.Rb1 Bxd3 33.cxd3 Nf6 34.Kf1 
Ne8 35.Ke2 Rcc6 36.Kd2 Nc7 37.Rba1 Kf6 38.h4 g5 39.hxg5+ hxg5 40.Bg3 Ke6 
41.Re1+ Kd7 42.Rh1 Rxa6 43.Rb3 Ra2+ 44.Ke3 a5 45.Rh6 a4 46.Rb4 a3 0-1